Southville International School and Colleges
Your cart is empty.
  • Cart
  • Lists
    Public lists Eva Luna New books Lux_list list_1
    Your lists Log in to create your own lists
  • Log in to your account
  • Your cookies
  • Search history
Southville International School and Colleges
  • Advanced search
  • Recent comments
  • Most popular
  • Libraries

Log in to your account

Log in with GOOGLE


If you do not have an external account, but do have a local account, you can still log in:

  1. Home
  2. MARC view: Good luck glasses (The) /
Normal view MARC view ISBD view

Good luck glasses (The) / (Record no. 111362)

[ view plain ]
MARC details
000 -LEADER
fixed length control field 00680nam a2200205 a 4500
001 - CONTROL NUMBER
control field 0105
005 - DATE AND TIME OF LATEST TRANSACTION
control field 20140414131914.0
008 - FIXED-LENGTH DATA ELEMENTS--GENERAL INFORMATION
fixed length control field 040728s19uu xx 00 eng d
020 ## - INTERNATIONAL STANDARD BOOK NUMBER
International Standard Book Number 0-590-97212-X
050 ## - LIBRARY OF CONGRESS CALL NUMBER
Classification number ER
Item number G59 2000
100 ## - MAIN ENTRY--PERSONAL NAME
Personal name London, Sara
245 ## - TITLE STATEMENT
Title Good luck glasses (The) /
Statement of responsibility, etc by Sara London ; illustrated by Jacqueline Rogers.
260 ## - PUBLICATION, DISTRIBUTION, ETC. (IMPRINT)
Place of publication, distribution, etc New York :
Name of publisher, distributor, etc Scholastic,
Date of publication, distribution, etc 2000.
300 ## - PHYSICAL DESCRIPTION
Extent 1 v. : ill. ; cm.
440 ## - SERIES STATEMENT/ADDED ENTRY--TITLE
Title Hello reader! Level 3
500 ## - GENERAL NOTE
General note "Cartwheel books"
520 ## - SUMMARY, ETC.
Summary, etc Seven-year old Nomi decides that she is the lucky when the new glasses she gets help her see things more clearly.
650 ## - SUBJECT ADDED ENTRY--TOPICAL TERM
Topical term or geographic name as entry element Eyeglasses
General subdivision Fiction.
Holdings
Withdrawn status Lost status Damaged status Use restrictions Home library Current library Shelving location Date acquired Source of acquisition Total Checkouts Full call number Barcode Date last seen Price effective from Koha item type
        Munich Library Munich Library Easy Reading Section 07/28/2004     ER G59 2000 M2061 04/14/2014 04/14/2014 Books

Good luck glasses (The) /

APA

London S., . (2000). Good luck glasses (The). New York: Scholastic.

Chicago

London Sara, . 2000. Good luck glasses (The). New York: Scholastic.

Harvard

London S., . (2000). Good luck glasses (The). New York: Scholastic.

MLA

London Sara, . Good luck glasses (The). New York: Scholastic. 2000.

  • Place hold
  • Print
  • Cite
  • Add to your cart (remove)
  • Save record
    BIBTEX Dublin Core MARCXML MARC (non-Unicode/MARC-8) MARC (Unicode/UTF-8) MARC (Unicode/UTF-8, Standard) MODS (XML) RIS
  • More searches
    Search for this title in:
    Other Libraries (WorldCat) Other Databases (Google Scholar) Online Stores (Bookfinder.com) Open Library (openlibrary.org)

Exporting to Dublin Core...

SOUTHVILLE LIBRARY

Southville International School and Colleges Library

1281 Tropical Ave. Cor. Luxembourg St., BF Homes International, Las Pinas City

Tel. No. 8256374 / 252358 Loc. 117/146

Powered by Koha